000 00367nam a22001217a 4500
082 _a220 PRO
100 _aHAIDER,EHSAN ALI,FAHAD,
_972332
245 _aPR-SOF-1030-RE-ENGINEERING OF FIBERGLASS-BASED ASPHALT ROOF SHINGLES
260 _aISLAMABAD
_bNUST COLLEGE OF EME
_c2010
650 _aDE-MECH-28
700 _aSUPERVISOR DR MUHAMMAD SHAHID
_972333
942 _cCR
999 _c578408
_d578408